000 00553nam a2200229Ia 4500
003 OSt
005 20220918210833.0
006 a|||||r|||| 00| 0
007 ta
008 220917b |||||||| |||| 00| 0 eng d
024 _a122,282
037 _cTextual
040 _aARTS
_cARTS
_beng
041 _2eng
_aeng
082 _aW, H74
100 _aCarritt E F
_941281
245 0 _aEthical and political thinking
260 _c1947
650 _aPOLITICAL SCIENCE
942 _hW, H74
_cTEXL
_2CC
999 _c245474
_d245474